<?xml version="1.0" encoding="UTF-8"?>
<record
    xmlns:xsi="http://www.w3.org/2001/XMLSchema-instance"
    xsi:schemaLocation="http://www.loc.gov/MARC21/slim http://www.loc.gov/standards/marcxml/schema/MARC21slim.xsd"
    xmlns="http://www.loc.gov/MARC21/slim">

  <leader>00296    a2200109   4500</leader>
  <datafield tag="020" ind1=" " ind2=" ">
    <subfield code="a">9789390595297</subfield>
  </datafield>
  <datafield tag="100" ind1=" " ind2=" ">
    <subfield code="a">Nalini, P.R.</subfield>
    <subfield code="9">181513</subfield>
  </datafield>
  <datafield tag="245" ind1=" " ind2=" ">
    <subfield code="a">Principles Of Psychology For Graduate Nurses</subfield>
  </datafield>
  <datafield tag="250" ind1=" " ind2=" ">
    <subfield code="a">1st</subfield>
  </datafield>
  <datafield tag="260" ind1=" " ind2=" ">
    <subfield code="b">Jaypee Brothers Medical Publisher</subfield>
    <subfield code="c">2021</subfield>
  </datafield>
  <datafield tag="999" ind1=" " ind2=" ">
    <subfield code="c">158823</subfield>
    <subfield code="d">158823</subfield>
  </datafield>
  <datafield tag="650" ind1=" " ind2=" ">
    <subfield code="a">PSYCHOLOGY</subfield>
    <subfield code="9">106838</subfield>
  </datafield>
  <datafield tag="952" ind1=" " ind2=" ">
    <subfield code="0">0</subfield>
    <subfield code="1">0</subfield>
    <subfield code="2">ddc</subfield>
    <subfield code="4">0</subfield>
    <subfield code="7">0</subfield>
    <subfield code="a">SNCN</subfield>
    <subfield code="b">SNCN</subfield>
    <subfield code="d">2023-05-20</subfield>
    <subfield code="e">102</subfield>
    <subfield code="g">247.00</subfield>
    <subfield code="l">3</subfield>
    <subfield code="p">SNCN-BK-3200</subfield>
    <subfield code="r">2025-11-28 10:17:19</subfield>
    <subfield code="s">2025-11-19</subfield>
    <subfield code="v">395.00</subfield>
    <subfield code="w">2023-05-20</subfield>
    <subfield code="y">BK</subfield>
    <subfield code="z">3200</subfield>
  </datafield>
</record>
